Dos nuevos hibridos naturales en Salvia (Labiatae) con potencial ornamental (Registro nro. 16119)

Detalles MARC
000 -CABECERA
Campo de control 003530000a22001090004500
090 ## - CLASIFICACIÓN LOCAL
Colección AS
Consecutivo Seriadas
041 0# - IDIOMA
Código de idioma para texto/pista de sonido o título separado
100 1# - ASIENTO PRINCIPAL--NOMBRE PERSONAL
Nombre personal Fernández Alonso, José Luis
245 10 - MENCION DE TITULO
Título Dos nuevos hibridos naturales en Salvia (Labiatae) con potencial ornamental
773 1# - Item fuente:
Título Trianea
Datos de la serie Acta Científica y Tecnológica
Descripción física 4
Paginas del Articulo 329-340
Lugar, editorial y fecha de publicación 1991
942 ## - ELEMENTOS ADICIONALES (KOHA)
Tipo de ítem Artículo

No hay ítems disponibles.